000 00404nam a2200169Ia 4500
008 220531s9999 xx 000 0 und d
041 _aeng
082 _bHIR
100 _aHiremath, Saroj
_961588
245 _aBusiness Communication
260 _aPune
_bNirali
_c2011
300 _aP.2
542 _d25-07-2011
650 _aBusi. Communication
_961589
906 _d2011-2012
999 _c35110
_d35110